All LANY Songs - Statistics

General Stats
  • This quiz has been taken 8 times
  • The average score is 92 of 111
Answer Stats
Album Song % Correct
LANY 13
100%
a beautiful blur Alonica
100%
mama's boy anything 4 u
100%
mama's boy bad news
100%
gg bb xx care less
100%
a beautiful blur 'Cause You Have To
100%
a beautiful blur Congrats
100%
mama's boy cowboy in la
100%
kinda current location
100%
gg bb xx dancing in the kitchen
100%
Soft Destiny
100%
gg bb xx dna
100%
gg bb xx ex i never had
100%
Soft 2 Finish Me
100%
mama's boy heart won't let me
100%
mama's boy (deluxe) heart won't let me - stripped
100%
LANY Hericane
100%
LANY Hurts
100%
mama's boy if this is the last time
100%
LANY | Make Out ILYSB
100%
Make Out ILYSB - Stripped
100%
Feature I Quit Drinking
100%
Soft Know You Naked
100%
Soft Last Forever
100%
gg bb xx live it down
100%
Malibu Nights Malibu Nights
100%
Feature Mean It
100%
a beautiful blur No
100%
gg bb xx one minute left to live
100%
a beautiful blur Out Of My League
100%
LANY Pancakes
100%
mama's boy paper
100%
LANY Parents
100%
kinda pink skies
100%
gg bb xx (deluxe) remember that
100%
gg bb xx roll over, baby
100%
mama's boy sad
100%
mama's boy (deluxe) sad - stripped
100%
mama's boy sharing you
100%
Soft Soft
100%
gg bb xx somewhere
100%
Soft Stuck
100%
LANY Super Far
100%
Malibu Nights Thick And Thin
100%
Malibu Nights Thru These Tears
100%
gg bb xx 'til i don't
100%
gg bb xx up to me
100%
Malibu Nights Valentine's Day
100%
mama's boy (what i wish just one person would say to me)
100%
mama's boy when you're drunk
100%
a beautiful blur XXL
100%
a beautiful blur (deluxe) XXL (Stripped)
100%
mama's boy you!
100%
I Loved You. 4EVER!
67%
Soft Act My Age
67%
Make Out Bad, Bad, Bad
67%
I Loved You. Bad, Bad, Bad (Matt DiMona Remix)
67%
Make Out BRB / Kiss
67%
Feature dlma </3
67%
LANY Dumb Stuff
67%
LANY Flowers On The Floor
67%
gg bb xx get away
67%
LANY Good Girls
67%
mama's boy good guys
67%
Soft Good Parts
67%
a beautiful blur Heartbreak Can Wait
67%
a beautiful blur Home Is Where The Hurt Is
67%
Soft 2 How To Hold An Angel
67%
gg bb xx (deluxe) i didn't lie
67%
gg bb xx (deluxe) i die first
67%
I Loved You. I Don't Care
67%
Malibu Nights I Don't Wanna Love You Anymore
67%
Malibu Nights If You See Her
67%
Soft 2 I'm Doing Alright
67%
a beautiful blur I Pray
67%
mama's boy i still talk to jesus
67%
mama's boy (deluxe) i still talk to jesus - live
67%
a beautiful blur It Even Rains In LA
67%
LANY It Was Love
67%
Malibu Nights Let Me Know
67%
kinda like you lots
67%
a beautiful blur Love At First Fight
67%
a beautiful blur (deluxe) Love At First Fight (Stipped)
67%
Make Out Made In Hollywood
67%
Soft Make Me Forget
67%
gg bb xx never mind, let's break up
67%
mama's boy nobody else
67%
LANY Overtime
67%
Soft 2 Prettiest Thing I've Ever Seen
67%
LANY Purple Teeth
67%
kinda quit
67%
Malibu Nights Run
67%
a beautiful blur (Saturday Night) 3:22 A.M.
67%
I Loved You. Someone Else
67%
LANY So, Soo Pretty
67%
Soft Sound Of Rain
67%
Feature Stupid Feelings
67%
a beautiful blur Sugar & Cinnamon
67%
Malibu Nights Taking Me Back
67%
LANY Tampa
67%
LANY The Breakup
67%
gg bb xx (deluxe) the older you get, the less you cry
67%
gg bb xx (deluxe) they don't make 'em like you anymore
67%
Make Out Walk Away
67%
Soft 2 When Did You Stop Loving Me?
67%
kinda WHERE THE HELL ARE MY FRIENDS
67%
Soft Why
67%
kinda yea, babe, no way
67%
I Loved You. youarefire
67%
Feature okay
33%
No matching quizzes found
Score Distribution
Percent of People with Each Score
Percentile by Number Answered
Your Score History
You have not taken this quiz